| 000 | 00858nam a2200265 i 4500 | ||
|---|---|---|---|
| 001 | 128060 | ||
| 003 | ES-MaACL | ||
| 005 | 20250727062610.0 | ||
| 007 | t| | ||
| 008 | 070214s1980 sp r ||||1| spa d | ||
| 100 | 1 |
_aRizzi, Bruno. _997755 |
|
| 245 | 1 | 3 |
_aLa burocratización del mundo / _cBruno Rizzi ; prefacio de Salvador Giner ; postfacio [y traducción] de Juan-Ramón Capella. |
| 250 | _a1ª ed. | ||
| 260 |
_aBarcelona : _bPenínsula, _c1980. |
||
| 300 |
_a246 p. ; _c20 cm. |
||
| 490 | 1 |
_aHomo sociologicus ; _v23 |
|
| 650 | 4 |
_aBurocracia- _zURSS. _910648 |
|
| 650 | 0 | 7 |
_aSocialismo _2embne _917147 |
| 700 | 1 |
_aGiner, Salvador. _957117 |
|
| 700 | 1 |
_aCapella, Juan-Ramón. _934819 |
|
| 830 | 0 |
_aHomo sociologicus ; _v23 _9177385 |
|
| 852 |
_aES-MaACL _jL-2876 _bR.103588 |
||
| 852 |
_aES-MaACL _jL-235 _bR.100617 |
||
| 999 |
_c128060 _d128060 |
||